Statystyki dla Ludzie quiz #1 - Znane osoby

Kliknij tutaj aby rozwiązać quiz!

Ogólne statystyki

  • Ten quiz został rozwiązany 66 razy
  • Średni wynik to 12 z 15

Statystyki odpowiedzi

ZagadnienieOdpowiedź% Poprawnych
Kim był Pablo Picasso?malarzem
98%
Który sport uprawiał Pelé?piłkę nożną
98%
Kim była Wisława Szymborska?poetką
98%
Kim był Włodzimierz Lenin?politykiem
97%
Na jaką ważną personę Mehmet Ali Ağca dokonał nieudanego zamachu?Jana Pawła II
95%
Kim był Bruce Lee?aktorem
93%
W jakiej dziedzinie Maria Skłodowska-Curie zdobyła Nagrodę Nobla?fizyka
91%
Kim z zawodu jest Steven Spielberg?reżyserem
88%
Który z wymienionych piosenkarzy nosił pseudonim "Król Popu"?Michael Jackson
79%
Który z wymienionych komentatorów specjalizuje się w boksie?Andrzej Kostyra
78%
Kto jest założycielem Kanału Zero na platformie YouTube?Krzysztof Stanowski
78%
Jak na imię miał Ford, założyciel Ford Motor Company?Henry
76%
Jaki przedmiot wynalazł Jan Szczepanik?kamizelkę kuloodporną
62%
Która z wymienionych osób była nazywana przez więźniów Auschwitz Aniołem Śmeirci?Josef Mengele
59%
Kim była Martha Graham?tancerką
24%

Rozkład punktacji

Percentyl według liczby udzielonych odpowiedzi

Procent ludzi z każdym wynikiem

Twoja historia wyników

Nie rozwiązałeś tego quizu